লোডিং...

Asleel. Tr by Apama Tagore. /

গ্রন্থ-পঞ্জীর বিবরন
প্রধান লেখক: Basu, Samaresh
ভাষা:Undetermined
প্রকাশিত: Delhi : Rajkamal prakasan, , 1976.
LEADER 00454nam a2200133Ia 4500
001 55797
008 170722s9999 xx 000 0 und d
100 |a Basu, Samaresh 
245 |a Asleel. Tr by Apama Tagore. / 
260 |a Delhi :  |b Rajkamal prakasan, ,  |c 1976. 
300 |a 164 p.  |c 18cms 
942 |c GEN 
999 |c 101864  |d 101864 
952 |0 0  |1 0  |4 0  |6 O_1573N23A_152L6  |7 0  |8 CR  |9 143149  |a LIB  |b LIB  |d 2017-08-12  |h CR  |o O157,3N23,A 152l6  |p 191020  |r 2017-08-12  |v 12.00  |w 2017-08-12  |y GEN